000 00629nam a2200193Ia 4500
003 IN-BaIIA
008 211028s9999 xx 000 0 eng d
040 _cIIA Library
080 _a083.7:698.12
_bISI
110 _aIndian Standards Institution
245 0 _aIndian standard code of practice for painting of ferrous metals in buildings
_bpt. 1, pretreatment
_cIndian Standards Institution
260 _aNew Delhi
_bIndian Standards Institution
_c1971
300 _a22p.
500 _aIS 1477 : Part 1 : 1971
650 _a Engineering-Standards
_99086
650 _a Standards 
650 _aNASA Thesaurus 
942 _cBK
999 _c5149
_d5149